Cómputo de votos y declaratorias de elección 1978.. Presidencia y vicepresidencias, diputaciones a la asamblea legislativa y regidurías municipales /

Gespeichert in:
Bibliographische Detailangaben
Körperschaft: Costa Rica. Tribunal Supremo de Elecciones
Format: Text
Sprache:Spanish
Veröffentlicht: San José, Costa Rica Tribunal Supremo de Elecciones
Schlagworte:
Tags: Tag hinzufügen
Keine Tags, Fügen Sie den ersten Tag hinzu!

MARC

LEADER 00000 a a2200000 04500
001 42822
003 cru CIDCACS/ IIS
005 20231016095829.0
008 211019b |||||||| |||| 00| 0 spa d
040 |c cru CIDCACS/ IIS  |a cru CIDCACS/ IIS 
090 |a 04.04.02 C837c 
110 |a Costa Rica.   |b Tribunal Supremo de Elecciones  
245 |a Cómputo de votos y declaratorias de elección 1978.. Presidencia y vicepresidencias, diputaciones a la asamblea legislativa y regidurías municipales /  |c Tribunal Supremo de Elecciones de Costa Rica 
260 |a San José, Costa Rica   |b Tribunal Supremo de Elecciones 
300 |a 357 páginas 
650 |a ELECCIONES   |0 TESAUROS 
650 |a VOTACION   |0 TESAUROS 
650 |a COSTA RICA   |0 TESAUROS 
650 |a SISTEMAS ELECTORALES   |0 TESAUROS 
650 |a PODER LEGISLATIVO   |0 TESAUROS 
650 |a PODER EJECUTIVO   |0 TESAUROS 
650 |a GOBIERNO LOCAL   |0 TESAUROS 
773 |g número1 (2006)  
942 |2 z  |c LI  |h 04.04.02 C837c  |i 21642  |6 040402_C837C_21642 
999 |c 43930  |d 43930